000 01224nam a2200313Ia 4500
001 ebr5004015
003 CaPaEBR
006 m u
007 cr cn|||||||||
008 991214s2000 enk sb 001 0 eng d
010 _z 99087312
020 _z9781846422218
020 _z1853025542 (alk. paper)
040 _aCaPaEBR
_cCaPaEBR
035 _a(OCoLC)191935492
050 1 4 _aBL65.M4
_bA53 2000eb
082 0 4 _a615.8/52
_221
100 1 _aAldridge, David,
_d1947-
245 1 0 _aSpirituality, healing, and medicine
_h[electronic resource] :
_breturn to the silence /
_cDavid Aldridge.
260 _aLondon ;
_aPhiladelphia :
_bJessica Kingsley Publishers,
_c2000.
300 _a224 p.
504 _aIncludes bibliographical references (p. 201-215) and indexes.
533 _aElectronic reproduction.
_bPalo Alto, Calif. :
_cebrary,
_d2013.
_nAvailable via World Wide Web.
_nAccess may be limited to ebrary affiliated libraries.
650 0 _aMedicine
_xReligious aspects.
650 0 _aSpiritual healing.
655 7 _aElectronic books.
_2local
710 2 _aebrary, Inc.
856 4 0 _uhttp://site.ebrary.com/lib/rucke/Doc?id=5004015
_zAn electronic book accessible through the World Wide Web; click to view
999 _c699
_d699